000 01923cam a22004814i 4500
003 PE-LiUPU
005 20250731172955.0
008 150616s r 000 0 d
035 _a(Sirsi) a2165
040 _aPE-LiUPU
_bspa
_cPE-LiUPU
_erda
049 _aPRUA
082 0 4 _b
_221
100 1 _aKrätzig, Guillermo,
_eautor.
245 1 0 _aUrbangelización /
_cGuillermo Krätzig.
264 1 _aBuenos Aires :
_bCasa Bautista de Publicaciones,
_c1974.
300 _a126 páginas :
_bilustraciones ;
_c18 cm
336 _atext
_2rdacontent
337 _aunmediated
_2rdamedia
338 _avolume
_2rdacarrier
505 0 _aEstadísticas, un grito de alarma -- Obstáculos internos a la evangelización -- Obstáculos externos a la evangelización -- ¿Caminos de esperanza o fantasias? -- Estrategias o estructuras?.
526 _aSEG42
526 _aSEG41
526 _aSEG40
526 _aSEG39
526 _aP94
526 _aP87
526 _aP86
526 _aP85
526 _aP77
526 _aP76
526 _aP35
650 0 4 _aEvangelismo público.
910 _ajck
_bjvq
_cjck
942 _2ddc
_cBOOK
949 _a253.7 K79
_wDEWEY
_c1
_i20120
_lCCODEBUL1
_mBUL
_p00.00
_r0
_sY
_tBOOK
_u2015-04-23
_xBIBLIOTECA
_zUNKNOWN
_0COMPRA
_o.STAFF. Colección General
949 _a253.7 K79
_wDEWEY
_c2
_i18972
_lCCODEBUL1
_mBUL
_p00.00
_r0
_sY
_tBOOK
_u19810423
_xTEOLOGIA
_zUNKNOWN
_0COMPRA
_o.STAFF. Colección General
994 _aC0
_bPEPRU
596 _a1
999 _a253.7 K79
_wDEWEY
_c22136
_i20120
_f2021-11-12
_g5
_lCCODEBUL1
_mBUL
_r0
_sY
_tBOOK
_u2015-4-23
_xTEOLOGIA
_zUNKNOWN
_0COMPRA
_o.STAFF. Colección General
_d22136
999 _a253.7 K79
_wDEWEY
_c2
_i18972
_f2021-11-12
_g5
_lCCODEBUL1
_mBUL
_r0
_sY
_tBOOK
_u2015-6-16
_xTEOLOGIA
_zUNKNOWN
_0COMPRA
_o.STAFF. Colección General
980 _81
_gALBERTO SANCHEZ Responsable de Automatización